00567nam a22001937a 450000500170000001000130001702000230003003500130005303700160006604000120008208200170009424500800011126000470019127000440023830000200028265000320030270000220033470000170035620170124105941.0 aB-098337 c195.00a8175101652 aB-098337 bCen Lib/Ret aDPLbEN a230.303bDIC aDictionary of spritualism /cedited by Surendra P. Singh [and] Neelam Singh aNew DelhibReliance publishing housec2003 bNew Delhia3026/H, Ranjit Nagare110085 a183p.c21cm(Hb) aSpiritualismy vdictionary aSurendra P. Singh aNeelam Singh